000 00846nam a22002417a 4500
005 20240530110359.0
008 150117s2009 ua g b 000 0 ara d
017 _a2009/9910
_bمصر . دار الكتب المصرية
020 _a9789776276659
040 _aEG-CaGPL
041 0 _aara
082 0 4 _221
_a920.7\
_bم ن
100 0 _aمجدى سيد عبدالعزيز
245 1 0 _aنهايات المشاهير :
_bالمشهد الاخير فى حياة هؤلاء /
_cمجدى سيد عبدالعزيز
250 _aط 1
260 _aالقاهرة :
_bدار العالم العربى ،
_c2009
300 _a167 ص ؛
_c24 سم
504 _aببليوجرافية : ص 164 - 167
650 0 4 _aالسياسيون
_xتراجم
650 0 4 _aتراجم
942 _2ddc
_cBK
999 _c60221
_d60221